Zaječí romance /

Hlavní autor: Holeček, Jaroslav, 1911-1973
Další autoři: Tomeček, Jaromír, 1906-1997, Holeček, Jaroslav, 1932-
Jazyk: Čeština
Vydáno: Praha : Albatros, 1988
Vydání: 1. vyd.
Edice: Knihovnička mladého ochránce přírody
Témata:
Externí odkaz: Digitalizovaný dokument
Fyzický popis: 126 s., [16] s. barev. obr. příl. : il. ; 30 cm
Knihy
Uloženo v:
LEADER 01455nam a22003612a 4500
001 000153177
003 CZ BrMZK
005 20260421122348.0
007 ta
008 010907s1988 xr af f 000 0 cze d
015 |a cnb000045251 
035 |a (OCoLC)39425558 
040 |a BOA001  |b cze 
080 9 |a 885.0-93-35 
080 9 |a 77.04(437.1)"19":929 Holeček, Jaroslav 
100 1 |a Holeček, Jaroslav,  |d 1911-1973  |7 jz7100409  |4 pht 
245 1 0 |a Zaječí romance /  |c fotografie Jaroslav Holeček st. a Jaroslav Holeček ml. ; [text] Jaromír Tomeček 
250 |a 1. vyd. 
260 |a Praha :  |b Albatros,  |c 1988 
300 |a 126 s., [16] s. barev. obr. příl. :  |b il. ;  |c 30 cm 
490 1 |a Knihovnička mladého ochránce přírody 
500 |a Frontispis 
500 |a 22000 výt. 
521 8 |a Pro malé čtenáře 
700 1 |a Tomeček, Jaromír,  |d 1906-1997  |7 jk01132695  |4 aut 
700 1 |a Holeček, Jaroslav,  |d 1932-  |7 ola2003193693  |4 pht 
830 0 |a Knihovnička mladého ochránce přírody 
856 4 1 |u http://www.digitalniknihovna.cz/mzk/uuid/uuid:79360b30-663d-11e3-ac69-005056827e51  |y Digitalizovaný dokument  |x NDK 
910 |a BOA001  |b PK-N-0027.612  |b 4-0939.201 
964 |a Zajíci - život - vyprávění 
990 |a BK 
996 7 |b 3119951618  |c PK-N-0027.612  |l MZK  |r Sklad / do 1 hodiny  |n 1  |w 000153177  |u 000010  |a 1  |e BOA001  |j MZK50  |s A 
996 6 |b BC-497353  |c 4-0939.201  |l MZK  |r Sklad / do 1 hodiny  |n 0  |w 000153177  |u 000020  |a 1  |e BOA001  |j MZK50  |s P